000 00723nam a2200217Ia 4500
003 IN-BaIIA
008 211028s9999 xx s 000 0 eng d
020 _a2-86883-735-2 (Online)
022 _a1633-4760 (Print)
022 _a1638-1963 (Online)
040 _cIIA Library
100 _aGurvits, L. I., ed.
_938144
245 0 _aRadio Astronomy from Karl Jansky to Microjansky – JENAM'03
_h[eBook]
260 _aFrance
_bEDP Sciences
_c2005
300 _av, 485p.
490 _aEAS Publications Series
700 _aFrey, S., ed.
_938145
700 _aRawlings, S., ed.
_938146
856 _uhttps://www.eas-journal.org/articles/eas/abs/2005/02/contents/contents.html
_yClick Here to Access eBook
942 _cEB
999 _c20609
_d20609